000 01156naa a22003497a 4500
001 BR9301953
003 BR-BrBNA
005 20240918181040.0
007 ta
008 230509b bl.||||| |||| 00| 0 por d
040 _aBR-BrBNA
_bpor
_cBiblioteca Nacional de Agricultura
041 _a(Pt)
072 _aF70; F50
_b1112
090 _aF70 BR9301953
100 1 _aShepherd, K.
111 1 _a1. Simposio Brasileiro sobre Bananicultura
_cJaboticabal, SP (Brazil)
_d3-7 Dec 1984
245 1 _aA bananeira: taxonomia e morfologia
260 3 _aJaboticabal, SP (Brasil):
_c1984.
500 _aAnais do 1. Simposio Brasileiro sobre Bananicultura Jaboticabal, SP (Brasil): 1984. p. 50-74 (BR9301953-AM)F70
650 _aBanana
650 _aSemente
650 _aTaxonomia Vegetal
650 _aMorfologia Vegetal
650 _aVariedade
650 _aRendimento
650 _aGerminacao
650 _aCompeticao de Variedade
650 _aHibrido
773 0 _tAnais do 1. Simposio Brasileiro sobre Bananicultura
_wF70 BR9301953
_gJaboticabal, SP (Brasil), 1984. p. 50-74
909 _a202404
_bLucia
_c55
_dLucia Elande
942 _cAM
_2AGRIS
999 _c323351
_d323351